Statistics for Fifa Soccer 14 Top 10 Nations

Click here to take the quiz!

General Stats

  • This quiz has been taken 1,077 times
  • The average score is 9 of 10

Answer Stats

# of Gold Players Answer % Correct
133Spain
98%
154Brazil
97%
94Germany
97%
83Argentina
95%
63England
95%
98France
94%
96Italy
93%
35Portugal
87%
39Netherlands
76%
24Belgium
69%

Score Distribution

Percentile by Number Answered

Percent of People with Each Score

Your Score History

You have not taken this quiz